[Event "Torquay Bloodworth op"]
[Site "Torquay"]
[Date "2019.09.05"]
[Round "5"]
[White "Greenaway, Terence V"]
[Black "Blencowe, Ian P"]
[Result "0-1"]
[WhiteElo "1504"]
[BlackElo "1636"]
[PlyCount "86"]
[EventDate "2019.09.01"]
[EventType "swiss"]
[EventRounds "7"]
[EventCountry "ENG"]
[SourceTitle "CBM 192 Extra"]
[Source "Chessbase"]
[SourceDate "2019.11.06"]
[SourceVersion "1"]
[SourceVersionDate "2019.11.06"]
[SourceQuality "1"]

1. c4 e5 2. Nc3 Nf6 3. Nf3 Nc6 4. g3 d5 5. cxd5 Nxd5 6. Bg2 Nxc3 7. bxc3 Bd6 8. 0-0 0-0 9. d4 exd4 10. cxd4 Rb8 11. a3 Bd7 12. Qd3 h6 13. Bb2 Qc8 14. Rfe1 Re8 15. Nh4 Be7 16. Nf3 f6 17. Rac1 Nd8 18. e4 Nf7 19. Rc2 Qd8 20. Rec1 c6 21. e5 fxe5 22. dxe5 Be6 23. Rd1 Qxd3 24. Rxd3 Bf5 25. Rdd2 Bxc2 26. Rxc2 Rbd8 27. Rc1 Ng5 28. Nxg5 Bxg5 29. Re1 Bd2 30. Re2 Bc1 31. Bxc1 Rd1+ 32. Bf1 Rxc1 33. e6 Re7 34. Re3 Rc5 35. f4 a5 36. Re4 Kf8 37. Be2 g6 38. Bc4 b5 39. Be2 Rc3 40. a4 b4 41. g4 b3 42. f5 gxf5 43. gxf5 b2 0-1

[Event "Torquay Bloodworth op"]
[Site "Torquay"]
[Date "2019.09.04"]
[Round "4"]
[White "Naldrett, Geoffrey William"]
[Black "Greenaway, Terence V"]
[Result "1/2-1/2"]
[WhiteElo "1526"]
[BlackElo "1504"]
[PlyCount "81"]
[EventDate "2019.09.01"]
[EventType "swiss"]
[EventRounds "7"]
[EventCountry "ENG"]
[SourceTitle "CBM 192 Extra"]
[Source "Chessbase"]
[SourceDate "2019.11.06"]
[SourceVersion "1"]
[SourceVersionDate "2019.11.06"]
[SourceQuality "1"]

1. c4 b6 2. Nf3 Nf6 3. g3 Ba6 4. d3 e6 5. Bg2 b5 6. cxb5 Bxb5 7. Nc3 Bc6 8. 0-0 Bb4 9. a3 Be7 10. b4 a5 11. b5 Bb7 12. Rb1 c6 13. Nd4 d5 14. bxc6 Bc8 15. Ncb5 Na6 16. Qc2 0-0 17. Bb2 Nc7 18. Rfc1 Nfe8 19. a4 Bb4 20. Bc3 Bxc3 21. Qxc3 Qe7 22. Rb3 e5 23. Nf3 d4 24. Qc5 Qxc5 25. Rxc5 f6 26. Nd2 Rf7 27. Rb2 Kf8 28. Ne4 Ke7 29. Nd2 Be6 30. Nxc7 Nxc7 31. Nc4 Bxc4 32. Rxc4 Kd6 33. Rc1 Rff8 34. Rb7 g6 35. Rcb1 h6 36. e3 dxe3 37. fxe3 f5 38. Kf2 f4 39. gxf4 exf4 40. Ke2 fxe3 41. Bf3 1/2-1/2

[Event "GBR-ch Soanes op 106th"]
[Site "Torquay"]
[Date "2019.07.27"]
[Round "3"]
[White "Greenaway, Terence V"]
[Black "Mills, Nathan"]
[Result "0-1"]
[WhiteElo "1504"]
[BlackElo "1780"]
[PlyCount "96"]
[EventDate "2019.07.26"]
[EventType "swiss"]
[EventRounds "5"]
[EventCountry "ENG"]
[SourceTitle "EXT 2021"]
[Source "ChessBase"]
[SourceDate "2020.10.23"]
[SourceVersion "1"]
[SourceVersionDate "2020.10.23"]
[SourceQuality "1"]

1. c4 e5 2. Nc3 Nc6 3. Nf3 f5 4. d3 Nf6 5. d4 e4 6. Nh4 d5 7. c5 b6 8. cxb6 axb6 9. g3 Be7 10. Ng2 Be6 11. Nf4 Bf7 12. e3 0-0 13. Bd2 Nb4 14. a3 Na6 15. Be2 c5 16. 0-0 Nc7 17. Nb5 Ne6 18. Nxe6 Bxe6 19. Rc1 Qd7 20. Rc2 c4 21. Nc3 b5 22. Na2 Rfb8 23. Nb4 Ne8 24. Rc1 Nc7 25. Kh1 Na6 26. Qe1 Nxb4 27. Bxb4 Ra4 28. Bxe7 Qxe7 29. Bd1 Ra7 30. Qb4 Kf7 31. Kg2 Qxb4 32. axb4 Ke7 33. Re1 g5 34. Rc3 Ra1 35. Kf1 f4 36. Bc2 Rba8 37. Ke2 f3+ 38. Kd2 Rxe1 39. Kxe1 Ra1+ 40. Kd2 Rf1 41. Ra3 Rxf2+ 42. Kc1 Rxh2 43. Bd1 f2 44. Be2 Rh1+ 45. Kd2 f1Q 46. Ra7+ Bd7 47. Bxf1 Rxf1 48. Ke2 Rf3 0-1

[Event "GBR-ch Soanes op 106th"]
[Site "Torquay"]
[Date "2019.07.27"]
[Round "2"]
[White "Sadler, Ben"]
[Black "Greenaway, Terence V"]
[Result "0-1"]
[WhiteElo "1749"]
[BlackElo "1504"]
[PlyCount "64"]
[EventDate "2019.07.26"]
[EventType "swiss"]
[EventRounds "5"]
[EventCountry "ENG"]
[SourceTitle "EXT 2021"]
[Source "ChessBase"]
[SourceDate "2020.10.23"]
[SourceVersion "1"]
[SourceVersionDate "2020.10.23"]
[SourceQuality "1"]

1. Nf3 Nf6 2. e3 g6 3. b3 Bg7 4. Bb2 0-0 5. d4 e6 6. Bd3 b6 7. 0-0 Ba6 8. c4 Nc6 9. Qd2 Bb7 10. e4 d6 11. e5 dxe5 12. dxe5 Nd7 13. Re1 Nc5 14. Bc2 Qxd2 15. Nbxd2 Nb4 16. Be4 Nxe4 17. Nxe4 Nc2 18. Rac1 Nxe1 19. Rxe1 Rfd8 20. Ba3 Rd7 21. Nf6+ Bxf6 22. exf6 Bxf3 23. gxf3 c5 24. b4 Rd3 25. bxc5 Rxa3 26. c6 Rd3 27. c5 bxc5 28. Rb1 Rd6 29. c7 Rf8 30. Rb8 Rc6 31. Rb7 a6 32. Kf1 Rc8 0-1

[Event "GBR-ch Soanes op 106th"]
[Site "Torquay"]
[Date "2019.07.26"]
[Round "1"]
[White "Waterfield, Mark"]
[Black "Greenaway, Terence V"]
[Result "0-1"]
[WhiteElo "1721"]
[BlackElo "1504"]
[PlyCount "94"]
[EventDate "2019.07.26"]
[EventType "swiss"]
[EventRounds "5"]
[EventCountry "ENG"]
[SourceTitle "EXT 2021"]
[Source "ChessBase"]
[SourceDate "2020.10.23"]
[SourceVersion "1"]
[SourceVersionDate "2020.10.23"]
[SourceQuality "1"]

1. e4 d6 2. d4 Nf6 3. Nc3 g6 4. Be3 c6 5. f3 Bg7 6. Qd2 Nbd7 7. Bh6 0-0 8. h4 Bxh6 9. Qxh6 Qb6 10. 0-0-0 e5 11. Nge2 Qa5 12. g4 Kh8 13. h5 Ng8 14. Qe3 Ndf6 15. Ng3 exd4 16. Qxd4 Qe5 17. hxg6 fxg6 18. Qxd6 Qxd6 19. Rxd6 Kg7 20. Bg2 Ne8 21. Rdd1 Be6 22. Rhe1 b5 23. Kb1 Ngf6 24. e5 Nd5 25. Nce4 Nf4 26. Nc5 Bd5 27. Bh1 Nc7 28. Nge4 Rf7 29. Nc3 Re8 30. Nxd5 Ncxd5 31. Rd4 Rfe7 32. Rde4 g5 33. Nd3 a5 34. Kc1 h6 35. Kd2 Rd8 36. Rd4 Rc8 37. Rde4 c5 38. Nxf4 Nxf4 39. Ke3 Rd8 40. a4 b4 41. b3 Kf7 42. Rc1 Ke6 43. Rc4 Rd5 44. Kf2 Rc7 45. Bg2 Rd2+ 46. Kf1 Nxg2 47. c3 Ne3+ 0-1

[Event "Torquay Paignton Bloodworth op"]
[Site "Torquay"]
[Date "2018.09.08"]
[Round "7"]
[White "Greenaway, Terence V"]
[Black "Price, Andrew"]
[Result "1-0"]
[WhiteElo "127"]
[BlackElo "148"]
[PlyCount "53"]
[EventDate "2018.09.02"]
[EventType "swiss"]
[EventRounds "7"]
[EventCountry "ENG"]
[SourceTitle "CBM 187 Extra"]
[Source "ChessBase"]
[SourceDate "2018.11.04"]
[SourceVersion "1"]
[SourceVersionDate "2018.11.04"]
[SourceQuality "1"]

1. c4 Nf6 2. Nc3 d6 3. d4 g6 4. Nf3 Bg7 5. e4 0-0 6. Be2 e5 7. dxe5 dxe5 8. Qxd8 Rxd8 9. Bg5 Re8 10. Nd5 Nxd5 11. cxd5 Bd7 12. Bc4 c6 13. 0-0 cxd5 14. Bxd5 Bc6 15. Rfd1 Bxd5 16. Rxd5 Na6 17. a3 Rac8 18. b4 Nb8 19. Rad1 f6 20. Be3 b6 21. R5d3 Bf8 22. Nh4 Rc4 23. f3 f5 24. g3 fxe4 25. Rd8 Kf7 26. fxe4 Rxe4 27. Rf1+ 1-0

[Event "BCF-ch U150 103rd"]
[Site "Bournemouth"]
[Date "2016.07.30"]
[Round "3.2"]
[White "Ashworth, Robert M"]
[Black "Greenaway, Terence V"]
[Result "1-0"]
[WhiteElo "1560"]
[BlackElo "1515"]
[PlyCount "143"]
[EventDate "2016.07.29"]
[EventType "swiss"]
[EventRounds "5"]
[EventCountry "ENG"]
[SourceTitle "EXT 2023"]
[Source "ChessBase"]
[SourceDate "2022.10.05"]
[SourceVersion "1"]
[SourceVersionDate "2022.10.05"]
[SourceQuality "1"]

1. e4 d6 2. d4 Nf6 3. Nc3 g6 4. Be3 a6 5. h3 b5 6. a3 Bb7 7. Bd3 Bg7 8. Nf3 0-0 9. 0-0 Nbd7 10. Re1 c5 11. d5 Rc8 12. Qd2 Ne8 13. Bh6 Nc7 14. Bxg7 Kxg7 15. b3 e5 16. Ne2 Nb6 17. Ng3 Ne8 18. c4 bxc4 19. bxc4 Nd7 20. Rab1 Rb8 21. Rb2 Bc8 22. Rxb8 Nxb8 23. Nh2 Nf6 24. Rb1 Nbd7 25. Qc2 Qa5 26. Qb2 Re8 27. Ne2 Kg8 28. Qc3 Qd8 29. Nc1 Nh5 30. g3 Qf6 31. Nb3 Qg5 32. Qd2 Qe7 33. Ng4 Nhf6 34. Na5 Nxg4 35. hxg4 Nf6 36. f3 Nd7 37. Nc6 Qf6 38. Kg2 Qg7 39. Na7 Qf8 40. Bc2 Nf6 41. Ba4 Re7 42. Nxc8 Qxc8 43. Qa5 Rb7 44. Rb6 Qc7 45. Rxa6 Rb2+ 46. Kh3 Qxa5 47. Rxa5 g5 48. Ra6 Rf2 49. Rxd6 Kg7 50. Rb6 Rxf3 51. Rb3 Rf2 52. Rd3 Re2 53. d6 Nxe4 54. d7 Nf2+ 55. Kg2 Nxd3+ 56. Kf3 Rf2+ 57. Ke3 Ra2 58. d8Q Rxa3 59. Qxg5+ Kf8 60. Bd7 Nf4+ 61. Ke4 Ng6 62. Bf5 Kg7 63. Bxg6 hxg6 64. Qxe5+ Kg8 65. Qxc5 Rxg3 66. Kf4 Rc3 67. Qd5 Rc1 68. c5 Rf1+ 69. Ke3 Re1+ 70. Kf2 Re8 71. c6 Kf8 72. Qd7 1-0